2022 F2 grid - Statistics

General Stats
  • This quiz has been taken 19 times
  • The average score is 19 of 30
Answer Stats
Team Nationality Rounds Answer % Correct
Virtuosi Racing Australia All Jack Doohan
94%
ART GP Denmark All Frederick Vesti
88%
Hitech GP Estonia All Jüri Vips
88%
Carlin New Zealand All Liam Lawson
88%
Carlin USA All Logan Sargeant
88%
Prema Norway All Dennis Hauger
82%
Virtuosi Racing Japan All Marino Sato
82%
ART GP France All Théo Pourchaire
82%
Dams Japan All Ayumu Iwasa
76%
MP motorsport France All Clément Novalak
76%
Charouz Racing System Brazil All Enzo Fittipaldi
76%
MP motorsport Brazil All Felipe Drugovich
76%
Prema India All Jehan Daruvala
76%
Campos Racing Switzerland 1-7,11-14 Ralph Boschung
76%
Trident Netherlands All Richard Verschoor
76%
Hitech GP New Zealand All Marcus Armstrong
65%
Dams Israel 1-12,14 Roy Nissany
65%
Trident Barbados 14 Zane Maloney
65%
Van Amersfoort Racing Belgium 1-6,8-14 Amaury Cordeel
59%
Charouz Racing System Turkey 1-2,4-10 Cem Bölükbaşi
53%
Van Amersfoort Racing UK 1-8 Jake Hughes
47%
Van Amersfoort Racing USA 14 Juan Manuel Correa
47%
Charouz Racing System Colombia 11-14 Tatiana Calderón
47%
Trident Australia 1-13 Calan Williams
41%
Campos Racing UK 1-10,12-14 Olli Caldwell
41%
Charouz Racing System Germany 3 David Beckmann
35%
Van Amersfoort Racing Germany 7,9-13 David Beckmann
35%
Campos Racing Germany 11 Lirim Zendeli
35%
Campos Racing Spain 8-10 Roberto Merhi
35%
Dams Italy 13 Luca Ghiotto
29%
No matching quizzes found
Score Distribution
Percent of People with Each Score
Percentile by Number Answered
Your Score History
You have not taken this quiz